000 00843nam a2200217Ia 4500
003 GCL
008 140319s9999 xx 000 0 ara d
040 _aGCL /
_cGCL
082 0 4 _a819.01
_bا ك
100 1 _aابن رشد : ابوالوليد محمد بن احمد بن محمد الاندلسى القرطبى
245 1 0 _aكتاب الاثار العلوية /
_cابن رشد : ابوالوليد محمد بن احمد بن محمد الاندلسى القرطبى
700 1 _aسيد فضل الله ابووافية
700 1 _aسعاد على عبدالرازق
260 _a[S.N] :
_bالهيئة المصرية العامة للكتاب ،
_c1994
300 _a78 ص
490 _a
650 0 4 _aالفلسفة الاسلامية
650 0 4 _aالفلسفة
650 0 4 _aمحمد بن احمد
942 _2ddc
_cBK
999 _c29835
_d29835